000
00189 a2200097 4500
001
10728
100
_a
ARNOLD
245
_a
Very qute war, A
260
_a
_b
Rupert
_c
090
_c
8328
_d
8328
942
_a
NUST-CAE
_c
M
_c
35076
999
_c
245801
_d
245801